000 00629nam a2200205Ia 4500
001 11546
003 GE_BSU
008 181216s||||||||xx |||||||||||||| ||und||
040 _cGE_BSU
080 _a101(035)
245 _aКраткий философский словарь.
245 _cПод ред:М.Розенталя и П.Юдина; Ред.В.Викторова.
250 _aИзд. 4-ое,доп.и испр.
260 _aМосква.
260 _bГосполитиздат.
260 _c1955.
300 _a567с;22см.
653 _aКраткий философский словарь.
942 _cBK
999 _c44741
_d44741